[Event "Hofheim Spring op-C 2nd"]
[Site "Hofheim"]
[Date "2014.04.25"]
[Round "4"]
[White "Lochmann, Tobias"]
[Black "Roessler, Karl Georg"]
[Result "0-1"]
[WhiteElo "710"]
[BlackElo "1081"]
[PlyCount "34"]
[EventDate "2014.04.23"]
[EventType "swiss"]
[EventRounds "7"]
[EventCountry "GER"]
[SourceTitle "CBM 160 Extra"]
[Source "ChessBase"]
[SourceDate "2014.07.01"]
[SourceVersion "1"]
[SourceVersionDate "2014.07.01"]
[SourceQuality "1"]

1. e4 e5 2. Nc3 Nf6 3. Nf3 Nc6 4. Bc4 Nxe4 5. Nxe4 d5 6. Bxd5 Qxd5 7. Nc3 Qd6 8. 0-0 Be6 9. d3 0-0-0 10. Bg5 f6 11. Bh4 g5 12. Bg3 h5 13. Nb5 Qc5 14. c4 h4 15. Qd2 hxg3 16. hxg3 Rd7 17. Rae1 Rdh7 0-1

[Event "Hofheim Spring op-C 2nd"]
[Site "Hofheim"]
[Date "2014.04.25"]
[Round "5"]
[White "Roessler, Karl Georg"]
[Black "Kirchhoff, Horst"]
[Result "1-0"]
[WhiteElo "1081"]
[BlackElo "1337"]
[PlyCount "37"]
[EventDate "2014.04.23"]
[EventType "swiss"]
[EventRounds "7"]
[EventCountry "GER"]
[SourceTitle "CBM 160 Extra"]
[Source "ChessBase"]
[SourceDate "2014.07.01"]
[SourceVersion "1"]
[SourceVersionDate "2014.07.01"]
[SourceQuality "1"]

1. e4 c5 2. Nf3 e6 3. d4 cxd4 4. Nxd4 a6 5. Nc3 Qc7 6. Be3 Nf6 7. Be2 d6 8. Qd2 Bd7 9. 0-0 Nc6 10. Nxc6 Bxc6 11. Bd3 0-0-0 12. a4 h5 13. b4 Bd7 14. a5 Re8 15. b5 axb5 16. Nxb5 Bxb5 17. Bxb5 Rd8 18. Bb6 Qb8 19. Qc3+ 1-0